[Event "BL2 Sued 1314 (Women)"]
[Site "Germany"]
[Date "2014.02.15"]
[Round "4.3"]
[White "Vidonyak, Nellya"]
[Black "Videnova, Iva"]
[Result "0-1"]
[WhiteElo "2128"]
[BlackElo "2305"]
[PlyCount "92"]
[EventDate "2013.11.30"]
[EventType "team-tourn"]
[EventRounds "7"]
[EventCountry "GER"]
[SourceTitle "EXT 2018"]
[Source "ChessBase"]
[SourceDate "2017.10.13"]
[SourceVersion "1"]
[SourceVersionDate "2017.10.13"]
[SourceQuality "1"]
[WhiteTeam "Muenchen Bayern (W)"]
[BlackTeam "Schwaebisch Hall (W)"]
[WhiteTeamCountry "GER"]
[BlackTeamCountry "GER"]

1. b3 e5 2. Bb2 Nc6 3. g3 d5 4. Bg2 Nf6 5. e3 Be6 6. Nf3 Bd6 7. 0-0 Qd7 8. Ng5 Bg4 9. f3 Bh5 10. Bh3 Qe7 11. g4 Nxg4 12. fxg4 Qxg5 13. Nc3 Ne7 14. Nb5 f5 15. Nxd6+ cxd6 16. Kh1 Bxg4 17. Bxg4 Qxg4 18. Qxg4 fxg4 19. Ba3 Rd8 20. d3 Rf8 21. Rxf8+ Kxf8 22. Rf1+ Kg8 23. c4 dxc4 24. dxc4 Nc8 25. Rd1 Kf7 26. e4 Ke7 27. Rg1 h5 28. h3 Rf8 29. hxg4 Rf4 30. gxh5 Rh4+ 31. Kg2 Rxh5 32. Kf3 Rh3+ 33. Kg4 Rh2 34. Bc1 Rxa2 35. Bg5+ Ke6 36. Kh5 Re2 37. Bh4 Kf7 38. Rf1+ Kg8 39. c5 Rxe4 40. cxd6 Nxd6 41. Be7 Nf7 42. Rc1 Kh7 43. Rg1 Rf4 44. b4 g6+ 45. Rxg6 Rf5+ 46. Bg5 e4 0-1